000 00498nam a22001457a 4500
999 _c16304
_d16304
008 170216b xxu||||| |||| 00| 0 eng d
020 _a9966260284
040 _aKABU
_cKABU
050 _aKTC BX1912 .K35 2014 V.1 C.2
100 _aKaleli, Jones
245 _aTheological reflection in an African christian worldview
_cby Jones Kaleli
260 _akenya
_bUtafiti foundation
_c2014
300 _axxii, 207 p.
942 _2lcc
_cBK
_hKTC BX1912 .K35 2014 V.1 C.2